|
|
|
|
| LEADER |
00000cam a22000004a 4500 |
| 001 |
musev2_74426 |
| 003 |
MdBmJHUP |
| 005 |
20230905051717.0 |
| 006 |
m o d |
| 007 |
cr||||||||nn|n |
| 008 |
180921s1985 mx o 00 0 spa d |
| 020 |
|
|
|a 9786076289785
|
| 020 |
|
|
|z 9789681203207
|
| 035 |
|
|
|a (OCoLC)1151237275
|
| 040 |
|
|
|a MdBmJHUP
|c MdBmJHUP
|
| 245 |
0 |
0 |
|a Mexico-Estados Unidos :
|b 1984 /
|c Manuel García y Griego y Gustavo Vega, compiladores.
|
| 250 |
|
|
|a 1a edition.
|
| 264 |
|
1 |
|a Mexico, D.F. :
|b El Colegio de Mexico,
|c 1985.
|
| 264 |
|
3 |
|a Baltimore, Md. :
|b Project MUSE,
|c 2020
|
| 264 |
|
4 |
|c ©1985.
|
| 300 |
|
|
|a 1 online resource:
|b illustrations
|
| 336 |
|
|
|a text
|b txt
|2 rdacontent
|
| 337 |
|
|
|a computer
|b c
|2 rdamedia
|
| 338 |
|
|
|a online resource
|b cr
|2 rdacarrier
|
| 490 |
0 |
|
|a Colección Mexico-Estados Unidos
|
| 500 |
|
|
|a "Centro de estudios internacionales, 25 aniversario."
|
| 505 |
0 |
|
|a Mexico-Estados Unidos / Lorenzo Meyer Cosió -- Visión de Mexico en la prensa de Estados Unidos / Roberta Lajous de Solana y Jesús Velasco Márquez -- Actitudes de Estados Unidos y Europa frente a las crisis latinoamericanas / Esperanza Durán -- Políticas industriales de Mexico y Estados Unidos -- Raúl Hinojosa Ojeda -- Comercio y política en Estados Unidos / Gustavo Vega Cánovas -- La renovación del sistema generalizado de preferencias arancelarias y sus implicaciones para Mexico / Isabel Molina --Relaciones agrícolas Mexico-Estados Unidos en 1980 / Gustavo del Castillo --El patrón migratorio entre Mexico y Estados Unidos / Francisco Alba -- Es vulnerable la economía mexicana a la aplicación de políticas migratorias esta dunidenses? / Manuel Garcia y Griego y Francisco Giner de los Ríos.
|
| 506 |
0 |
|
|a Open Access
|f Unrestricted online access
|2 star
|
| 588 |
|
|
|a Description based on print version record.
|
| 651 |
|
7 |
|a United States.
|2 fast
|0 (OCoLC)fst01204155
|
| 651 |
|
7 |
|a Mexico.
|2 fast
|0 (OCoLC)fst01211700
|
| 651 |
|
6 |
|a Mexique
|x Relations exterieures
|z États-Unis.
|
| 651 |
|
6 |
|a États-Unis
|x Relations exterieures
|z Mexique.
|
| 651 |
|
0 |
|a Mexico
|x Foreign relations
|z United States.
|
| 651 |
|
0 |
|a United States
|x Foreign relations
|z Mexico.
|
| 650 |
|
7 |
|a Diplomatic relations.
|2 fast
|0 (OCoLC)fst01907412
|
| 650 |
|
7 |
|a BUSINESS & ECONOMICS
|x International
|x Economics.
|2 bisacsh
|
| 655 |
|
7 |
|a Electronic books.
|2 local
|
| 700 |
1 |
|
|a Vega Cánovas, Gustavo.
|
| 700 |
1 |
|
|a García y Griego, Manuel.
|
| 710 |
2 |
|
|a Project Muse.
|e distributor
|
| 830 |
|
0 |
|a Book collections on Project MUSE.
|
| 856 |
4 |
0 |
|z Texto completo
|u https://projectmuse.uam.elogim.com/book/74426/
|